| 000 | 01078cam a2200373 i 4500 | ||
|---|---|---|---|
| 001 | 0000478 | ||
| 003 | DO-SdBNP | ||
| 005 | 20171116105000.0 | ||
| 007 | 0000478 | ||
| 008 | 100514s 2006 mx a | |||| 000 f spa | ||
| 015 | _a | ||
| 017 |
_a _b |
||
| 020 | _a9789707311190 | ||
| 035 | _a | ||
| 040 |
_aBPMSU _bspa _cBPMSU _e |
||
| 080 | _a | ||
| 082 | 4 |
_aM863.44 _bP797p |
|
| 100 | 1 |
_aPoniatowska, Elena _d1932- |
|
| 245 | 1 | 3 |
_aLa piel del cielo / _cElena Poniatowska |
| 250 | _a5a. reimpresión | ||
| 260 |
_aMéxico: _bSantillana ediciones generales, _c2006. _f2010. |
||
| 300 |
_a452 p.: _c19 cm |
||
| 490 | 1 |
_aPunto de lectura _v97 / 1 |
|
| 500 | _aIncluye datos biográficos del autor : p. 455 | ||
| 500 | _aLa biblioteca posee la 5ta. reimpresión del 2010. | ||
| 500 | _aPremio Alfaguara de novela | ||
| 586 | _aPremio Alfaguara de novela 2001. | ||
| 650 | 4 | _aNOVELA MEXICANA | |
| 650 | 4 | _aLITERATURA MEXICANA | |
| 830 | 0 |
_aPunto de lectura _n97 / 1 |
|
| 942 |
_2ddc _cBK |
||
| 945 | _aInventariado, 2017/MFF | ||
| 956 |
_aYLOCKWARD _810 _cBPMSU |
||
| 999 |
_c10697 _d10697 |
||